• 首页
  • 本馆介绍
  • 公告通知
  • 最新文献
  • 馆藏检索
  • 电子资源
  • 读者导购
  • 参考咨询
  • 我的图书馆
  • 登录
  • 详细信息显示
  • 放入我的书架
  • 预约/预借图书
  • 作者相关作品
  • 分类相关作品
  • 丛书相关作品
  • 出版社相关作品

书目信息

  • 表格格式
  • 工作单格式
  • 卡片格式
题名:
梦的解析
    
 
作者: 弗洛伊德 著 ;暴丽颖 , 刘晓琳 译
分册:  
出版信息: 哈尔滨   北方文艺出版社  2018.05
页数: 450页
开本: 19cm
丛书名:
单 册:
中图分类: B845.1
科图分类:
主题词: 梦--meng--精神分析
电子资源:
ISBN: 978-7-5317-4242-5
000 01114nam0 2200277 450
001 CAL 0120182491126
005 20180710152130.
010    @a978-7-5317-4242-5@b@dCNY45.00
100    @a20180709d2018 em y0chiy50 ea
101 0  @achi
102    @aCN@b230000
105    @ay z 000yy
106    @ar
200 1  @a梦的解析@Ameng de jie xi@f(奥) 西格蒙德·弗洛伊德著@g暴丽颖, 刘晓琳译
210    @a哈尔滨@c北方文艺出版社@d2018.05
215    @a450页@c@d19cm
314    @a西格蒙德·弗洛伊德, 奥地利医生兼心理学家、哲学家, 精神分析学的创始人。暴丽颖, 教授、博士、硕士生导师。刘晓琳, 哈尔滨工程大学外语系副教授。
330    @a本书是一本了解精神分析学说和潜意识理论的必读书, 通过对梦境的科学探索和解释, 打破了几千年来人们对于梦的无知、迷惑和恐惧、忧愁的旧有观念, 同时揭示了左右人们思想和行为的潜意识的奥秘。
606 0  @a梦@Ameng@x精神分析
690    @aB845.1@v5
701  1 @a弗洛伊德@Afu luo yi de@g(Freud, Sigmund),@f1856-1939@4著
702  0 @a暴丽颖@Abao li ying@4译
702  0 @a刘晓琳@Aliu xiao lin@4译
801  0 @aCN@b人天书店@c20180709@g
905    @aBZT@dB845.1@e100
906    @dCNY45.00@n3@r1
    
    梦的解析/(奥) 西格蒙德·弗洛伊德著/暴丽颖, 刘晓琳译.-哈尔滨:北方文艺出版社,2018.05
    450页;19cm
    
    
    ISBN 978-7-5317-4242-5:CNY45.00
    本书是一本了解精神分析学说和潜意识理论的必读书, 通过对梦境的科学探索和解释, 打破了几千年来人们对于梦的无知、迷惑和恐惧、忧愁的旧有观念, 同时揭示了左右人们思想和行为的潜意识的奥秘。
●
相关链接 在五车中查询图书 在当当中查询图书 在豆瓣中查询图书


正题名:梦的解析     索取号:B845.1/100         预约/预借

序号 登录号 条形码 馆藏地/架位号 状态 备注
1 848717   2000848717   第二书库/ [索取号:B845.1/100] 已借出,限还日期为2021.01.04
借出人:史晶  
 
2 848718   2000848718   第二书库/ [索取号:B845.1/100] 已借出,限还日期为2022.04.25
借出人:李荣  
 
3 848719   2000848719   第二书库/ [索取号:B845.1/100] 在馆    
山东省滨州职业学院图书馆 欢迎您!
大连网信软件有限公司© 版权所有